00481nmm a2200145Ia 4500008004100000020001800041041000800059100002000067245007300087264004800160300001800208650002700226700003100253856005100284251105s9999||||xx |||||||||||||||||und|| a9789871518968 aspa aAballay, Silvia 0aGestión cultural :b Entre conceptos lejanos y realidades cercanas a[Buenos Aires, Argentina] :bEduvim, c2010 a178 páginas aEconomics and Business a Avendaño Manelli, Carla uhttps://public.digitaliapublishing.com/a/14441